000 02332nam a2200277Ia 4500
999 _c52712
_d52712
001 19737
003 GE_BSU
005 20200416145341.0
008 181216s2015||||ge |||||||||||||| ||geo||
020 _a9789941082160
040 _cGE_BSU
041 _ageo
080 _a327(410)(092) ს-42
245 _aსერ ოლივერ უორდროპი 150 /
_cბექა კობახიძე შემდგენელ - რედაქტორი ; მთარგმნელი სალომე ბენიძე.
264 _aთბილისი :
_bშპს ირიდა,
_c2015.
300 _a328 გვ. ;
_bფოტო ;
_c25 სმ.
500 _aწინა ყდაზე : საქართველოს საგარეო საქმეთა მინისტრი - წინა წინა ყდაზე : საქართელოს საგარეო საქმეთა მინისტრი – ევგენი გეგეჭკორი და დიდი ბრიტანეთის უმაღლესი კომისარი – სერ ოლივერ უორდროპი ტფილისში 1919 წლის 30 აგვისტოს მოწყობილ დახვედრაზე, უკანა ყდაზე სერ ოლივერ უორდროპი - მისი უდიდებულესობის გენერალური კონსული სტრასბურგში, 1925 წელი.
520 _aგარეკანი და ტექსტი აგრეთვე ინგლისურ ენაზე
653 _aინგლისელი დიპლომატები
653 _aსაქართველო–დიდი ბრიტანეთის საგარეო ურთიერთობების ისტორია
653 _aსაერთაშორისო ურთიერთობანი
653 _aსაგარეო პოლიტიკა
700 _aბექა კობახიძე
_eშემდგენელ – რედაქტორი
_97918
700 _a სალომე ბენიძე
_eმთარგმნელი
_97919
942 _cBK
_2udc